000 01130nam a2200217Ia 4500
001 19445
003 GE_BSU
008 181216s||||||||xx |||||||||||||| ||und||
040 _cGE_BSU
080 _a811.353.1(058)
245 _aმოამბე, XI აკად. ნ. მარის სახელობის ენის, ისტორიისა და მატერიალური კულტურის ინსტიტუტის მოამბე Известия института языка, истории и материальной культуры им. акад. Н.Я. Марра,=Bulletin De L'Institut Marr De Langues, D'Histoire et De Culture Materielle
245 _cრედ:გ.ჩიტაია
260 _aთბილისი
260 _bსაქართველოს სსრ მეცნიერებათა აკადემიის გამომცემლობა
260 _c1941
300 _a183გვ.21სმ.
541 _h1ლ.60თ
653 _aენათმეცნიერება,
653 _aმოამბე, XI
942 _cBK
999 _c52423
_d52423